Asymptotic properties of some estimators for the infection rate in the general stochastic epidemic model.

Prehľad dvoch odhadov rýchlosti infekcie a odvodenie ich asymptotickej distribúcie. Asymptotická normálnosť týchto odhadov je dodržaná iba pri väčších epidémiách. Menšie epidémie neposkytujú dosť informácií na odhad rýchlosti šírenia infekcie týmito metódami.

Gespeichert in:
Bibliographische Detailangaben
1. Verfasser: Rida, W.N
Format: Buchkapitel
Sprache:Englisch
Schlagworte:
Tags: Tag hinzufügen
Keine Tags, Fügen Sie das erste Tag hinzu!

MARC

LEADER 00000naa a2200000 4500
001 r007287
005 20221213085030.3
041 0 |a eng 
044 |a GB 
245 1 0 |a Asymptotic properties of some estimators for the infection rate in the general stochastic epidemic model.  |c W.N. Rida 
520 |a Prehľad dvoch odhadov rýchlosti infekcie a odvodenie ich asymptotickej distribúcie. Asymptotická normálnosť týchto odhadov je dodržaná iba pri väčších epidémiách. Menšie epidémie neposkytujú dosť informácií na odhad rýchlosti šírenia infekcie týmito metódami. 
610 2 0 |a odhad štatistický 
610 2 0 |a metódy matematicko-štatistické 
610 2 0 |a modely 
610 2 0 |a zdravotníctvo 
100 1 |a Rida, W.N.